Normal view
MARC view
- Thanvi, Muhammad Ashraf Al Muhammad Ashraf Ali Thanvi
Entry Personal Name
001 - CONTROL NUMBER
- control field: 79342
003 - CONTROL NUMBER IDENTIFIER
- control field: NUST
005 - DATE AND TIME OF LATEST TRANSACTION
- control field: 20210628210424.0
008 - FIXED-LENGTH DATA ELEMENTS
- fixed length control field: 210628|| aca||aabn | a|a d
040 ## - CATALOGING SOURCE
- Original cataloging agency: NUST
- Transcribing agency: NUST
100 ## - HEADING--PERSONAL NAME
- Personal name: Thanvi, Muhammad Ashraf Al Muhammad Ashraf Ali Thanvi
670 ## - SOURCE DATA FOUND
- Source citation: Work cat.: (NUST): Thanvi, Muhammad Ashraf Al Muhammad Ashraf Ali Thanvi, Khutbat-e-hakeem ul umat dawat-o-tableegh, 1995
